Conquista y reconquista del norte santafesino / (Registro nro. 9347)
[ vista simple ]
| 000 -LIDER | |
|---|---|
| fixed length control field | 00951nam a22002297a 4500 |
| 001 - NÚMERO DE CONTROL | |
| Identificador de número de control | 240031 |
| 003 - IDENTIFICACDOR DE NÚMERO DE CONTROL | |
| control field | DO-SdBNP |
| 005 - DATE AND TIME OF LATEST TRANSACTION | |
| control field | 20160513150642.0 |
| 007 - CAMPOS FIJOS DE DESCRIPCIÓN FÍSICA | |
| fixed length control field | 240031 |
| 008 - ELEMENTOS DE LONGITUD FIJA | |
| fixed length control field | 160321b 1963 ag xxu||||| |||| 00| 0 spa d |
| 040 ## - FUENTE DE CATALOGACIÓN | |
| Agencia que crea de manera original el registro | BPMSU |
| Idioma de catalogación | spa |
| Agencia que realiza la transcripción | BPMSU |
| 092 ## - LOCALLY ASSIGNED DEWEY DECIMAL CALL NUMBER | |
| Número de clasificación | xxxx |
| Número de ítem (Cutter) | xxxx |
| 100 1# - ASIENTO PRINCIPAL -- NOMBRE PERSONAL | |
| Nombre personal | Funes, María José |
| 245 ## - MENCIÓN DE TITULO | |
| Título | Conquista y reconquista del norte santafesino / |
| Mención de responsabilidad | José María Funes. |
| 260 ## - PUBLICACIÓN, DISTRIBUCIÓN, ETC. (PIE DE IMPRENTA) | |
| Lugar de publicación, distribución, etc | Santa Fe, Argentina : |
| Nombre del editor, distribuidor, etc. | [Librería y Editorial Castellví], |
| Fecha de publicación, distribución, etc | 1963. |
| 300 ## - DESCRIPCIÓN FÍSICA | |
| Extensión | 58 p. : |
| Otros detalles físicos | il., mapas, retrs. : |
| Dimensiones | 27 cm. |
| 500 ## - NOTA GENERAL | |
| Nota general | El contenido de este volumen es un apartado, ligeramente corregido, de la colaboracion inserta en el No. XXVIII (febrero de 1963) de la Revista de la Junta Provincial de Estudios Históricos de Santa Fe. |
| 500 ## - NOTA GENERAL | |
| Nota general | Libro prestado a la señora Angelina |
| 590 ## - NOTA LOCAL | |
| Enlace | La biblioteca posee un ejemplar autografiado por el autor. |
| 942 ## - ADDED ENTRY ELEMENTS (KOHA) | |
| Source of classification or shelving scheme | Dewey Decimal Classification |
| Koha item type | Libros |
| 956 ## - LOCAL ELECTRONIC LOCATION AND ACCESS (OCLC) | |
| Método de acceso | LOPEREZ |
| Materiales especificados | 10 |
| Enlace | 20161305 |
| Campo enlazado y núm. de secuencia | BPMSU |
| Nombre de host | 00041 |
| Withdrawn status | Lost status | Source of classification or shelving scheme | Damaged status | Not for loan | Collection code | Home library | Current library | Date acquired | Total Checkouts | Barcode | Date last seen | Copy number | Price effective from | Koha item type |
|---|---|---|---|---|---|---|---|---|---|---|---|---|---|---|
| Dewey Decimal Classification | Biblioteca Pública Metropolitana Salomé Ureña | Biblioteca Pública Metropolitana Salomé Ureña | 03/21/2016 | BPMSU16030230 | 03/21/2016 | Ej. 1 | 03/21/2016 | Libros |